German car plates - Statistics

General Stats
  • This quiz has been taken 62 times
    55 since last reset
  • The average score is 22 of 45
Answer Stats
Answer % Correct
B Berlin
98%
HH Hamburg
96%
F Frankfurt
92%
K Koln
90%
D Dusseldorf
88%
E Essen
88%
M Munich
86%
H Hannover
84%
S Stuttgart
84%
DO Dortmund
82%
L Leipzig
82%
MZ Mainz
70%
DD Dresden
68%
WOB Wolfsburg
68%
A Augsburg
66%
HB Bremen
66%
KI Kiel
66%
BN Bonn
60%
C Chemnitz
60%
N Nuremberg
60%
KO Koblenz
56%
IN Ingolstadt
52%
HL Lubeck
52%
BAD Baden Baden
48%
CUX Cuxhaven
48%
HAL Halle
48%
HAM Hamm
42%
HD Heidelberg
42%
HRO Rostock
40%
ES Esslingen
28%
UN Unna
26%
MTK Main Taunus Kreis
22%
AB Aschaffenburg
20%
BA Bamberg
20%
FD Fulda
20%
LB Ludwigsburg
18%
AU Aue
14%
BB Boblingen
14%
HU Hanau
12%
MKK Main Kinzig Kreis
12%
FB Friedberg
8%
OHV Oberhavel
8%
DH Diepholz
6%
FF Frankfurt an der Oder
6%
LOS Landkreis Oder Spree
6%
No matching quizzes found
Score Distribution
Percent of People with Each Score
Percentile by Number Answered
Your Score History
You have not taken this quiz since the last reset